[Event "5th Open"]
[Site "Sort ESP"]
[Date "2009.07.01"]
[Round "8"]
[White "Pujari,R"]
[Black "Bharathi,R"]
[Result "1/2-1/2"]
[WhiteElo "2043"]
[BlackElo "2081"]
[EventDate "2009.06.24"]

1. e4 c6 2. d4 d5 3. exd5 cxd5 4. Bd3 Nc6 5. c3 Qc7 6. h3 e6 7. Ne2 Bd6 8.
O-O Nge7 9. Be3 Bd7 10. c4 dxc4 11. Bxc4 Nb4 12. Nd2 Nbd5 13. Rc1 Bc6 14.
Nc3 Nxc3 15. bxc3 O-O 16. Bd3 Ng6 17. c4 Ba3 18. Rb1 Nf4 19. Be4 Bd6 20.
Qf3 Ng6 21. Rfc1 f5 22. Bxc6 bxc6 23. d5 c5 24. Nf1 Ne5 25. Qd1 f4 26. Bd2
f3 27. g3 exd5 28. cxd5 Qd7 29. Kh2 Nd3 30. Be3 Nxc1 31. Rxc1 Rf5 32. Nd2
Rh5 33. Qf1 Rf8 34. Ne4 Rxd5 35. Qc4 Qf7 36. Ng5 Rxg5 37. Bxg5 Qxc4 38.
Rxc4 Kf7 39. Ra4 Ra8 40. Ra6 Ke6 41. Bf4 Rd8 42. Rxa7 Bxf4 43. gxf4 Rc8 44.
Rxg7 c4 45. Rg1 c3 46. Rc1 Kd5 47. Kg3 Ke4 48. Re1+ Kd3 49. Kxf3 Kd2 50.
Rh1 c2 51. f5 Rc4 52. f6 Rc6 53. Ke4 Rxf6 54. f4 Re6+ 55. Kf5 Re1 56. Rh2+
Re2 57. Rh1 Kc3 58. Kf6 Rd2 59. Rc1 Rd6+ 60. Kg7 Rd7+ 61. Kg8 Ra7 62. f5
Kd2 63. Rxc2+ Kxc2 64. f6 Rxa2 65. f7 Ra8+ 66. f8=Q Rxf8+ 67. Kxf8 h5 68.
Kg7 Kd3 69. Kg6 Ke4 70. Kxh5 Kf5 71. Kh6 Kf6 72. h4 Kf7 73. Kh7 Kf8 74. h5
Kf7 75. Kh8 Kf8 1/2-1/2

[Event "5th Open"]
[Site "Sort ESP"]
[Date "2009.07.01"]
[Round "8"]
[White "Aranzana Areste,A"]
[Black "Shristi,J"]
[Result "0-1"]
[WhiteElo "2022"]
[BlackElo "1949"]
[EventDate "2009.06.24"]

1. e4 c5 2. Nf3 Nc6 3. c3 d5 4. exd5 Qxd5 5. d4 Bg4 6. Be2 Nf6 7. c4 Qf5 8.
d5 Bxf3 9. dxc6 Bxc6 10. O-O Rd8 11. Qb3 e6 12. Nd2 Bd6 13. Bf3 Bxf3 14.
Nxf3 Rd7 15. Qa4 O-O 16. Bg5 Rfd8 17. Rad1 h6 18. Bh4 a6 19. Rfe1 b5 20.
Qb3 g5 21. Bg3 Bxg3 22. hxg3 Rd3 23. cxb5 axb5 24. Kh2 c4 25. Rxd3 Rxd3 26.
Qb4 Ne4 27. a4 g4 28. Nh4 Qxf2 0-1

[Event "5th Open"]
[Site "Sort ESP"]
[Date "2009.07.01"]
[Round "8"]
[White "Mentink,T"]
[Black "Edo Teys,E"]
[Result "1-0"]
[WhiteElo "1888"]
[BlackElo "1894"]
[EventDate "2009.06.24"]

1. Nf3 Nf6 2. c4 c5 3. Nc3 Nc6 4. g3 e5 5. d3 Be7 6. Bg2 O-O 7. O-O a6 8.
Bg5 Ne8 9. Bxe7 Qxe7 10. Nd5 Qd8 11. Rb1 Nc7 12. a3 d6 13. Nb6 Rb8 14. b4
Be6 15. bxc5 dxc5 16. Nd2 Qe7 17. Nb3 Nd4 18. e3 Nxb3 19. Qxb3 Qd6 20. Rfd1
f5 21. Qc3 f4 22. exf4 exf4 23. d4 fxg3 24. hxg3 Bg4 25. dxc5 Qxc5 26. Qd4
Qg5 27. Re1 Rbd8 28. Qe5 Qd2 29. Qe3 Qa5 30. Qb3 Kh8 31. Nd5 Qc5 32. Qb6
Qxb6 33. Rxb6 Nxd5 34. Bxd5 Rb8 35. Rxb7 Rxb7 36. Bxb7 1-0

[Event "5th Open"]
[Site "Sort ESP"]
[Date "2009.07.02"]
[Round "9"]
[White "Pogorelov,R"]
[Black "Roeder,M"]
[Result "1/2-1/2"]
[WhiteElo "2420"]
[BlackElo "2426"]
[EventDate "2009.06.24"]

1. Nf3 Nf6 2. c4 b6 3. g3 c5 4. Bg2 Bb7 5. O-O e6 6. Nc3 Be7 7. Re1 Ne4 8.
Nxe4 Bxe4 9. d3 Bb7 10. e4 Nc6 11. d4 Nxd4 12. Nxd4 cxd4 13. Qxd4 O-O 14.
Rd1 Bc6 1/2-1/2

[Event "5th Open"]
[Site "Sort ESP"]
[Date "2009.07.02"]
[Round "9"]
[White "Barsov,A"]
[Black "Kulkarni,C"]
[Result "1-0"]
[WhiteElo "2505"]
[BlackElo "2257"]
[EventDate "2009.06.24"]

1. d4 Nf6 2. Nf3 g6 3. c4 Bg7 4. g3 O-O 5. Bg2 d5 6. cxd5 Nxd5 7. O-O Nb6
8. Nc3 Nc6 9. e3 Re8 10. Re1 e5 11. d5 Na5 12. e4 Nac4 13. a4 a6 14. Qb3
Nd6 15. a5 Nd7 16. Bg5 f6 17. Be3 h6 18. Nh4 Kh7 19. Rec1 Rf8 20. Na4 Rf7
21. Qc2 Nf8 22. Nc5 Qe7 23. Re1 f5 24. exf5 gxf5 25. Bd4 Nb5 26. Bxe5 Bxe5
27. Nd3 Bf6 28. Rxe7 Rxe7 29. Nf4 Nd6 30. Bh3 Bxh4 31. gxh4 Ng6 32. Nxg6
Kxg6 33. Ra3 Kh7 34. Re3 Rg7+ 35. Rg3 Re7 36. h5 Rf7 37. Rg6 Ne4 38. Bg2
Nd6 39. Bh3 Ne4 40. f3 Nd6 41. Qc1 f4 42. Bxc8 Nxc8 43. Qc2 1-0

[Event "5th Open"]
[Site "Sort ESP"]
[Date "2009.07.02"]
[Round "9"]
[White "Pham Guerrero,S"]
[Black "Kulkarni,R"]
[Result "0-1"]
[WhiteElo "2212"]
[BlackElo "2166"]
[EventDate "2009.06.24"]

1. e4 c5 2. Nf3 e6 3. d4 cxd4 4. Nxd4 a6 5. c4 Nf6 6. Nc3 Bb4 7. Qc2 Nc6 8.
Nxc6 dxc6 9. Bf4 Qa5 10. Bd3 e5 11. Bd2 Qc7 12. O-O Be7 13. b4 O-O 14. c5
Be6 15. h3 Rad8 16. Be3 Nh5 17. Rfd1 Nf4 18. Bf1 f5 19. Rxd8 Qxd8 20. Rd1
Qe8 21. Bxf4 exf4 22. exf5 Bxf5 23. Bd3 Bxd3 24. Qxd3 Qf7 25. Qd7 f3 26. g3
a5 27. a3 axb4 28. axb4 h6 29. Qxb7 Qf6 30. Ne4 Qe6 31. Nd6 Qxh3 0-1

[Event "5th Open"]
[Site "Sort ESP"]
[Date "2009.07.02"]
[Round "9"]
[White "Colovic,A"]
[Black "Priyadharshan,K"]
[Result "1/2-1/2"]
[WhiteElo "2443"]
[BlackElo "2411"]
[EventDate "2009.06.24"]

1. c4 Nf6 2. g3 c5 3. Bg2 Nc6 4. Nf3 e6 5. O-O d5 6. cxd5 Nxd5 7. Nc3 Be7
8. Nxd5 exd5 9. d4 O-O 10. dxc5 Bxc5 11. Bg5 Qd7 12. Rc1 Bb6 13. Ne1 h6 14.
Bf4 Rd8 15. Nd3 Qe7 16. a3 Bf5 17. Re1 Qf6 18. Rc2 a5 19. Rf1 g5 20. Bc1 a4
21. Rd2 Be4 22. Nb4 Nxb4 1/2-1/2

[Event "5th Open"]
[Site "Sort ESP"]
[Date "2009.07.02"]
[Round "9"]
[White "Deepthamsh,R"]
[Black "Udeshi,A"]
[Result "0-1"]
[WhiteElo "2110"]
[BlackElo "2281"]
[EventDate "2009.06.24"]

1. d4 Nf6 2. Nf3 e6 3. c4 Bb4+ 4. Nbd2 b6 5. a3 Bxd2+ 6. Bxd2 h6 7. e3 Bb7
8. Bd3 d6 9. O-O Nbd7 10. Bc3 O-O 11. Qe2 Ne4 12. Bxe4 Bxe4 13. Nd2 Bb7 14.
e4 e5 15. dxe5 dxe5 16. Rfd1 Qe7 17. f3 Nc5 18. Nf1 Nb3 19. Rab1 c5 20. Ne3
Nd4 21. Qd3 Qg5 22. Nd5 f5 23. Rf1 Rf7 24. b4 Raf8 25. Bd2 Qd8 26. Be3 Ba6
27. Bxd4 exd4 28. b5 Bb7 29. Rbe1 fxe4 30. fxe4 Qh4 31. g3 Rxf1+ 32. Rxf1
Rxf1+ 33. Kxf1 Qxh2 34. Qf3 Qh3+ 35. Kg1 Qe6 36. Qf4 Qf7 37. Qe5 d3 38.
Ne7+ Kh7 39. Qd6 Bxe4 40. Nc6 Qf3 0-1

[Event "5th Open"]
[Site "Sort ESP"]
[Date "2009.07.02"]
[Round "9"]
[White "Saranya,J"]
[Black "Girish,A"]
[Result "1/2-1/2"]
[WhiteElo "1981"]
[BlackElo "2270"]
[EventDate "2009.06.24"]

1. e4 e5 2. Nf3 Nc6 3. Bc4 Bc5 4. c3 d6 5. d4 exd4 6. cxd4 Bb4+ 7. Bd2
Bxd2+ 8. Nbxd2 Nf6 9. O-O O-O 10. a3 d5 11. exd5 Ne7 12. Qb3 Nexd5 13. Rfe1
c6 14. Rad1 Qb6 15. Qc2 Bg4 16. Bd3 Qc7 17. Bf5 Bh5 18. Re5 Bg6 19. Rde1
Rad8 20. h3 Nf4 21. g3 Bxf5 22. Rxf5 N4d5 23. Ne5 Qc8 24. Kg2 Rde8 25. Rf3
Re6 26. Ne4 Nxe4 27. Rxe4 Rh6 28. Ng4 Rh5 29. Re5 Rxe5 30. Nxe5 f6 31. Nc4
Qe6 32. Na5 Rf7 33. Nb3 b6 34. Qf5 Qxf5 35. Rxf5 Re7 36. Kf1 Kf7 37. Rf3 a5
38. Rd3 a4 39. Nc1 Ke6 40. Ke2 Kd6+ 41. Kd2 b5 42. Ne2 Nb6 43. Nc3 h5 44.
h4 g5 45. Rf3 Nc4+ 46. Kc2 Ke6 47. Ne4 gxh4 48. gxh4 Kd5 49. Nxf6+ Kxd4 50.
Rd3+ Ke5 51. Nxh5 Rh7 52. Ng3 Rxh4 53. Rf3 Rd4 54. Nf1 Rd8 55. Rf7 Ke6 56.
Rf4 c5 57. Ne3 Na5 58. Re4+ Kf6 59. Rf4+ Kg6 60. Rg4+ Kh5 61. f4 Nb3 62.
Rg5+ Kh4 63. Nf5+ Kh3 64. Ne3 Rd2+ 65. Kc3 Re2 66. Re5 Re1 67. f5 Rc1+
1/2-1/2

[Event "5th Open"]
[Site "Sort ESP"]
[Date "2009.07.02"]
[Round "9"]
[White "Debashis,D"]
[Black "Meera,S"]
[Result "1-0"]
[WhiteElo "2352"]
[BlackElo "2155"]
[EventDate "2009.06.24"]

1. e4 c5 2. Nf3 d6 3. d4 cxd4 4. Nxd4 Nf6 5. Nc3 a6 6. Be3 e5 7. Nb3 Be7 8.
f3 Be6 9. Qd2 O-O 10. O-O-O Qc7 11. g4 Rc8 12. g5 Nh5 13. Qf2 Nd7 14. Kb1
b5 15. h4 b4 16. Nd5 Bxd5 17. Rxd5 a5 18. Bh3 a4 19. Nc1 Rcb8 20. Bg4 Nf4
21. Bxf4 exf4 22. Bxd7 Qxd7 23. Nd3 g6 24. h5 Bf8 25. Ne5 Qe8 26. Ng4 Bg7
27. hxg6 a3 28. Nf6+ Bxf6 29. gxh7+ Kh8 30. gxf6 1-0

[Event "5th Open"]
[Site "Sort ESP"]
[Date "2009.07.02"]
[Round "9"]
[White "Abhishek,K"]
[Black "Deshpande,Ani"]
[Result "1/2-1/2"]
[WhiteElo "2178"]
[BlackElo "2211"]
[EventDate "2009.06.24"]

1. Nf3 c5 2. c4 Nc6 3. g3 g6 4. Bg2 Bg7 5. d3 e5 6. Nc3 Nge7 7. Be3 d6 8.
Qd2 Nf5 9. Nd5 Nxe3 10. fxe3 Ne7 11. e4 1/2-1/2

[Event "5th Open"]
[Site "Sort ESP"]
[Date "2009.07.02"]
[Round "9"]
[White "Shristi,J"]
[Black "Gagare,Shal"]
[Result "1/2-1/2"]
[WhiteElo "1949"]
[BlackElo "2117"]
[EventDate "2009.06.24"]

1. e4 c6 2. d3 d5 3. Nd2 e5 4. Ngf3 Bd6 5. g3 Nf6 6. Bg2 O-O 7. O-O Nbd7 8.
c3 b6 9. Re1 Bb7 10. Nh4 Nc5 11. Nb3 dxe4 12. dxe4 Ba6 13. Nxc5 Bxc5 14. b4
Qxd1 15. Rxd1 Rfd8 16. Bg5 Bf8 17. Bxf6 gxf6 18. Bf1 Bb7 19. f3 Bh6 20. Bd3
Bc8 21. Kf2 Bg5 22. Nf5 Bxf5 23. exf5 Rd6 24. Ke2 Rad8 25. Rab1 1/2-1/2

[Event "5th Open"]
[Site "Sort ESP"]
[Date "2009.07.02"]
[Round "9"]
[White "Bharathi,R"]
[Black "Fandino Reyes,R"]
[Result "1-0"]
[WhiteElo "2081"]
[BlackElo "2185"]
[EventDate "2009.06.24"]

1. e4 Nf6 2. e5 Nd5 3. d4 d6 4. Nf3 Bg4 5. Be2 c6 6. h3 Bxf3 7. Bxf3 dxe5
8. dxe5 e6 9. O-O Nd7 10. Qe2 Qc7 11. c4 Ne7 12. Bf4 Ng6 13. Bg3 Ngxe5 14.
Be4 O-O-O 15. Nc3 f6 16. Rfc1 Kb8 17. Rab1 g5 18. Bc2 Bg7 19. b4 f5 20. b5
f4 21. Bh2 Nc5 22. bxc6 Nxc6 23. Nb5 Qe5 24. Qf3 Rd7 25. g3 Rf8 26. Qa3 Na6
27. Re1 Qc5 28. Rxe6 Rd2 29. Qf3 Rxc2 30. Rxc6 Qxc6 31. Qxc6 bxc6 32. Nd4+
Kc8 33. Nxc2 Nc5 34. Re1 Kd7 35. Rd1+ Kc7 36. gxf4 gxf4 37. Nd4 Be5 38. Nf3
Bd6 39. Rd4 a5 40. Ne1 Ne6 41. Rd3 Nc5 42. Rd4 Ne6 43. Rd3 Nc5 44. Rd4 Be5
45. Rd1 Ne4 46. Nd3 Bd6 47. f3 Ng5 48. c5 Nxf3+ 49. Kg2 Nh4+ 50. Kh1 Be7
51. Bxf4+ Kc8 52. Bd6 Nf5 53. Ne5 Bxd6 54. cxd6 Nxd6 55. Rxd6 Rf2 56. Rxc6+
Kb7 57. a4 Re2 58. Rc5 Ka6 59. Nc4 Ra2 60. Rxa5+ Kb7 61. Rb5+ Kc6 62. Ne5+
Kd6 63. a5 Kc7 64. Nc4 Kc6 65. Rh5 Rc2 66. Ne3 Ra2 67. Ng2 Kd6 68. Kh2 Ke6
69. Kg3 Kf6 70. Nf4 Kg7 71. Kg4 Ra4 72. Rb5 Kf6 73. Rb6+ Kg7 74. a6 Ra5 75.
Rb7+ Kh6 76. Rb6+ Kg7 77. h4 Kf7 78. Rb7+ Kf6 79. a7 h5+ 80. Nxh5+ Kg6 81.
Nf4+ Kh6 82. Nd5 Kg6 83. Nb6 Rg5+ 84. Kh3 1-0

[Event "5th Open"]
[Site "Sort ESP"]
[Date "2009.07.02"]
[Round "9"]
[White "Beltre,P"]
[Black "Pujari,R"]
[Result "0-1"]
[WhiteElo "1967"]
[BlackElo "2043"]
[EventDate "2009.06.24"]

1. e4 e6 2. d4 c5 3. Nf3 cxd4 4. Nxd4 Qb6 5. c3 Bc5 6. Na3 Bxa3 7. bxa3 Ne7
8. Nb5 O-O 9. Be3 Qc6 10. Qd6 Qxd6 11. Nxd6 Nbc6 12. g4 b6 13. Rd1 Re8 14.
Be2 Na5 15. O-O Bb7 16. Rd2 Bc6 17. Ba6 Nc8 18. Bxc8 Raxc8 19. Nxc8 Rxc8
20. Rd4 d5 21. Rfd1 Nc4 22. Bc1 Ne5 23. Kg2 Nxg4 24. f4 Nf6 25. e5 Ne4 26.
Bb2 Bb5 27. a4 Bc4 28. a3 Nc5 29. Kf3 Nxa4 30. Ba1 b5 31. Ke3 Nc5 32. Rb1
Kf8 33. Rxc4 bxc4 34. Rb5 a6 35. Rb6 f6 36. Bb2 Kf7 37. Rb4 Nd3 38. Rb7+
Kg6 39. exf6 gxf6 40. Rb6 Kf5 41. a4 Nxf4 42. Ba3 d4+ 43. cxd4 Nd5+ 0-1

[Event "GM Dopravni"]
[Site "Brno CZE"]
[Date "2009.06.28"]
[Round "3"]
[White "Plat,V"]
[Black "Popchev,M"]
[Result "1/2-1/2"]
[WhiteElo "2419"]
[BlackElo "2451"]
[EventDate "2009.06.26"]

1. e4 g6 2. d4 Bg7 3. Nf3 c6 4. Nc3 b5 5. Bd3 d6 6. h3 Nd7 7. O-O a6 8. Be3
Bb7 9. Ne2 e5 10. c3 Ngf6 11. Ng3 O-O 12. dxe5 dxe5 13. Qd2 Qe7 14. Bh6
Rfe8 15. Bxg7 Kxg7 16. Rad1 h6 1/2-1/2

[Event "GM Dopravni"]
[Site "Brno CZE"]
[Date "2009.06.28"]
[Round "3"]
[White "Vyskocil,N"]
[Black "Beinoras,M"]
[Result "1/2-1/2"]
[WhiteElo "2315"]
[BlackElo "2422"]
[EventDate "2009.06.26"]

1. e4 e5 2. Nf3 Nc6 3. Bc4 Bc5 4. O-O Nf6 5. d4 Bxd4 6. Nxd4 Nxd4 7. f4 d6
8. fxe5 dxe5 9. Bg5 Be6 10. Na3 Qe7 11. c3 Bxc4 12. Bxf6 gxf6 13. Nxc4 Ne6
14. Kh1 Qc5 1/2-1/2

[Event "GM Dopravni"]
[Site "Brno CZE"]
[Date "2009.06.28"]
[Round "3"]
[White "Vymazal,B"]
[Black "Simacek,P"]
[Result "0-1"]
[WhiteElo "2338"]
[BlackElo "2489"]
[EventDate "2009.06.26"]

1. e4 e5 2. Nf3 Nc6 3. Bb5 a6 4. Ba4 Nf6 5. O-O Nxe4 6. d4 b5 7. Bb3 d5 8.
dxe5 Be6 9. Qe2 Bc5 10. Be3 Qe7 11. Rd1 Rd8 12. c3 O-O 13. Nbd2 Bxe3 14.
Qxe3 f5 15. exf6 Nxf6 16. Re1 Rde8 17. a4 b4 18. Qd3 Qc5 19. Bc2 Bf7 20.
Nb3 Qd6 21. Qxa6 bxc3 22. bxc3 Bh5 23. Nbd2 Qc5 24. Qb5 Rxe1+ 25. Rxe1 Qxc3
26. Qb1 Nd4 27. Nxd4 Qxd4 28. Nf3 Bxf3 29. gxf3 c5 30. a5 Qc3 31. a6 Qxf3
32. Qb3 Qxb3 33. Bxb3 Ra8 34. Ra1 Ra7 35. Kf1 Kf8 36. Ra5 c4 37. Ba4 Ke7
38. Bc6 Kd6 39. Bb7 c3 40. Ke2 c2 41. Kd2 Ne4+ 42. Kxc2 Nc5 43. Rxc5 Kxc5
44. Kd3 g5 45. h3 d4 46. f3 h6 47. Kc2 Kc4 48. Kd2 Kb5 49. Kc2 Kb6 50. Kd2
Kb5 51. Kc2 Kc4 52. Kd2 d3 53. Be4 Kd4 54. Bb7 Kc4 55. Be4 Kd4 56. Bb7 h5
0-1

[Event "GM Dopravni"]
[Site "Brno CZE"]
[Date "2009.06.28"]
[Round "3"]
[White "Ivanov,MM"]
[Black "Polak,T"]
[Result "1/2-1/2"]
[WhiteElo "2470"]
[BlackElo "2508"]
[EventDate "2009.06.26"]

1. Nf3 Nf6 2. c4 e6 3. Nc3 Bb4 4. Qb3 a5 5. d4 b6 6. Bg5 Bb7 7. e3 h6 8.
Bh4 d6 9. Bd3 Nbd7 10. a3 Bxc3+ 11. Qxc3 Qe7 1/2-1/2

[Event "GM Dopravni"]
[Site "Brno CZE"]
[Date "2009.06.28"]
[Round "3"]
[White "Spirin,O"]
[Black "Bernasek,J"]
[Result "0-1"]
[WhiteElo "2437"]
[BlackElo "2443"]
[EventDate "2009.06.26"]

1. d4 d5 2. c4 e6 3. Nc3 c5 4. cxd5 cxd4 5. Qa4+ Bd7 6. Qxd4 exd5 7. Qxd5
Nc6 8. Nf3 Nf6 9. Qb3 Bc5 10. Bg5 h6 11. Bxf6 Qxf6 12. Ne4 Qe7 13. Nxc5
Qxc5 14. e3 Rc8 15. Bb5 O-O 16. Bxc6 Bxc6 17. O-O Bxf3 18. gxf3 Rc6 19.
Rad1 Rb6 20. Qc3 Qh5 21. e4 Qh3 22. Kh1 Rc8 23. Qe3 Rf6 24. e5 Rxf3 25. Qe4
b6 26. Rc1 Rxc1 27. Rxc1 Rxf2 28. Qa8+ Kh7 29. Qe4+ g6 0-1

[Event "GM Dopravni"]
[Site "Brno CZE"]
[Date "2009.06.29"]
[Round "4"]
[White "Popchev,M"]
[Black "Bernasek,J"]
[Result "1/2-1/2"]
[WhiteElo "2451"]
[BlackElo "2443"]
[EventDate "2009.06.26"]

1. d4 Nf6 2. Nf3 e6 3. e3 b6 4. Bd3 Bb7 5. O-O c5 6. c3 Be7 7. Nbd2 cxd4 8.
exd4 d5 9. b3 O-O 10. Bb2 Nbd7 11. Qe2 1/2-1/2

[Event "GM Dopravni"]
[Site "Brno CZE"]
[Date "2009.06.29"]
[Round "4"]
[White "Polak,T"]
[Black "Spirin,O"]
[Result "1/2-1/2"]
[WhiteElo "2508"]
[BlackElo "2437"]
[EventDate "2009.06.26"]

1. e4 c5 2. Nf3 d6 3. d4 cxd4 4. Nxd4 Nf6 5. Nc3 a6 6. h3 e6 7. g4 h6 8.
Bg2 Nc6 9. Nxc6 bxc6 10. e5 dxe5 11. Qxd8+ Kxd8 12. Bxc6 Rb8 13. O-O Bd6
14. b3 Ke7 15. Na4 Nd5 16. c4 Nb4 17. Bg2 Bd7 18. Nc3 Nc2 19. Rb1 h5 20. g5
f5 21. Rd1 Rhc8 22. Rb2 Nd4 23. Rbd2 Bb4 24. Bb2 Bc6 25. Bxc6 Rxc6 26. Kg2
Rd6 27. f4 Nc6 28. fxe5 Rxd2+ 29. Rxd2 Nxe5 30. Nd5+ exd5 31. Re2 Kf7 32.
Rxe5 dxc4 33. bxc4 g6 34. Re2 Bc5 35. Bf6 1/2-1/2

[Event "GM Dopravni"]
[Site "Brno CZE"]
[Date "2009.06.29"]
[Round "4"]
[White "Simacek,P"]
[Black "Ivanov,MM"]
[Result "1/2-1/2"]
[WhiteElo "2489"]
[BlackElo "2470"]
[EventDate "2009.06.26"]

1. e4 c6 2. d4 d5 3. exd5 cxd5 4. Bd3 Nc6 5. c3 Qc7 6. Nf3 Bg4 7. Bg5 e6 8.
Nbd2 Bd6 9. Bh4 Nge7 10. Bg3 Rb8 11. Qe2 a6 12. Bxd6 Qxd6 13. O-O h6 14.
Qe3 Bf5 15. Ne5 Bxd3 16. Nxd3 O-O 17. Qf4 b5 1/2-1/2

[Event "GM Dopravni"]
[Site "Brno CZE"]
[Date "2009.06.29"]
[Round "4"]
[White "Plat,V"]
[Black "Vyskocil,N"]
[Result "1/2-1/2"]
[WhiteElo "2419"]
[BlackElo "2315"]
[EventDate "2009.06.26"]

1. e4 c5 2. Nf3 d6 3. d4 cxd4 4. Nxd4 Nf6 5. Nc3 a6 6. Be2 e5 7. Nb3 Be6 8.
Be3 Nbd7 9. O-O Be7 10. f3 O-O 11. Nd5 Nxd5 12. exd5 Bf5 13. Bd3 Bxd3 14.
Qxd3 Rc8 15. c4 Bg5 16. Rac1 Bxe3+ 17. Qxe3 Qc7 18. Rfd1 a5 19. Nd2 Nc5 20.
Ne4 Nxe4 21. fxe4 Qc5 22. Qxc5 Rxc5 23. b3 Rfc8 24. a4 R5c7 25. Rc3 Re7 26.
Kf2 b6 27. Rb1 g6 28. g4 Kg7 29. Ke2 Ra7 30. h4 h5 31. g5 Rf8 32. Rf3 f5
33. gxf6+ Rxf6 34. Rxf6 1/2-1/2

[Event "GM Dopravni"]
[Site "Brno CZE"]
[Date "2009.06.30"]
[Round "5"]
[White "Vymazal,B"]
[Black "Plat,V"]
[Result "1/2-1/2"]
[WhiteElo "2338"]
[BlackElo "2419"]
[EventDate "2009.06.26"]

1. e4 c5 2. Nf3 Nc6 3. Bb5 g6 4. Bxc6 dxc6 5. d3 Bg7 6. h3 Nf6 7. Nc3 O-O
8. Be3 b6 9. Qd2 e5 10. Bh6 Qd6 11. Nh2 b5 12. Ng4 Nh5 13. Bxg7 Kxg7 14.
O-O-O f6 15. g3 Be6 16. Kb1 a5 17. Ne2 Qd7 18. Qe3 Qf7 19. Nc1 Qa7 20. Rhg1
Kh8 21. f4 exf4 22. gxf4 c4 23. f5 Qxe3 24. Nxe3 Bf7 25. dxc4 Rae8 26. Rg4
bxc4 27. Rd6 c5 28. Ra6 g5 29. Ne2 Ra8 30. Rxa8 Rxa8 31. h4 h6 32. Kc1 Re8
33. Kd2 Ng7 34. Nc3 Rd8+ 35. Kc1 Rd4 36. hxg5 hxg5 37. Ne2 Rd8 38. Nc3 Rd4
1/2-1/2

[Event "GM Dopravni"]
[Site "Brno CZE"]
[Date "2009.06.30"]
[Round "5"]
[White "Spirin,O"]
[Black "Simacek,P"]
[Result "0-1"]
[WhiteElo "2437"]
[BlackElo "2489"]
[EventDate "2009.06.26"]

1. d4 Nf6 2. c4 e6 3. Nc3 c5 4. d5 exd5 5. cxd5 d6 6. Nf3 g6 7. g3 Bg7 8.
Bg2 O-O 9. O-O Re8 10. Bf4 Na6 11. Re1 Bg4 12. h3 Bxf3 13. Bxf3 Nd7 14. Bg2
g5 15. Bd2 Ne5 16. Qc1 h6 17. Nd1 f5 18. Qc2 Rf8 19. f4 gxf4 20. gxf4 Ng6
21. e3 Nh4 22. Bh1 Nb4 23. Qb1 a5 24. a3 Na6 25. Qc2 b5 26. Bc3 Ra7 27. Kh2
c4 28. Bxg7 Rxg7 29. Nc3 Qb6 30. a4 Nb4 31. Qf2 Ng6 32. Nxb5 Nd3 33. Qd2
Nxe1 34. Rxe1 Re8 35. Bf3 Nh4 36. Bh1 Kh7 37. Qf2 Qd8 38. Nd4 Qf6 39. e4
fxe4 40. Ne6 Rb7 41. Bxe4+ Kh8 42. Re2 Reb8 43. Nd4 Ng6 44. Bf5 Nh4 45. Bg4
Ng6 46. Bf5 Ne7 47. Be6 Rf8 48. f5 Ng6 49. Nb5 Ne5 50. Kh1 Nd3 51. Qe3 Rg7
52. Nxd6 Qh4 53. Kh2 Nf4 54. Rc2 Nxh3 55. Qxh3 Qf4+ 56. Kh1 Rg3 57. Qxg3
Qxg3 58. Nb5 Qe1+ 59. Kh2 Qh4+ 60. Kg1 Qe1+ 61. Kh2 h5 62. Rg2 h4 63. d6
Qe5+ 64. Kh3 Qe3+ 65. Kxh4 Rf6 66. d7 Qf4+ 0-1

[Event "GM Dopravni"]
[Site "Brno CZE"]
[Date "2009.06.30"]
[Round "5"]
[White "Bernasek,J"]
[Black "Polak,T"]
[Result "1/2-1/2"]
[WhiteElo "2443"]
[BlackElo "2508"]
[EventDate "2009.06.26"]

1. d4 Nf6 2. c4 e6 3. Nc3 Bb4 4. e3 O-O 5. Nge2 Re8 6. a3 Bf8 7. Ng3 d5 8.
Be2 b6 9. cxd5 exd5 10. b4 g6 11. Bf3 c6 12. O-O Be6 13. e4 dxe4 14. Ngxe4
Nxe4 15. Bxe4 Bg7 16. Be3 Bc4 17. Re1 a5 1/2-1/2

[Event "GM Dopravni"]
[Site "Brno CZE"]
[Date "2009.07.01"]
[Round "6"]
[White "Popchev,M"]
[Black "Polak,T"]
[Result "0-1"]
[WhiteElo "2451"]
[BlackElo "2508"]
[EventDate "2009.06.26"]

1. d4 Nf6 2. g3 d5 3. Bg2 c5 4. c3 Nc6 5. Nf3 Qb6 6. O-O g6 7. dxc5 Qxc5 8.
b4 Qb6 9. Be3 Qd8 10. b5 Na5 11. Bd4 Bg7 12. Nbd2 O-O 13. a4 Bf5 14. h3 Rc8
15. g4 Be4 16. Nb3 Nc4 17. Nbd2 Qa5 18. Nxc4 dxc4 19. Qc1 Nd5 20. Ra3 f6
21. Be3 e5 22. Bd2 Rfd8 23. Rd1 Qc7 24. Ne1 Bxg2 25. Nxg2 e4 26. Bh6 Bxh6
27. Qxh6 Nxc3 28. Re1 Nd5 29. Ne3 c3 30. Rc1 Qe5 31. Rc2 Nf4 32. Kf1 Rc7
33. Ra1 Rcd7 34. Re1 Ne6 35. Kg2 Rd2 36. Rxd2 cxd2 37. Rd1 Rd4 38. Kg1 Nf4
39. Nc2 Rd7 40. Kf1 Qd6 41. Nd4 Nxh3 42. Qxh3 Qxd4 43. a5 Qa4 0-1

[Event "GM Dopravni"]
[Site "Brno CZE"]
[Date "2009.07.01"]
[Round "6"]
[White "Simacek,P"]
[Black "Bernasek,J"]
[Result "1-0"]
[WhiteElo "2489"]
[BlackElo "2443"]
[EventDate "2009.06.26"]

1. e4 e5 2. Nf3 Nc6 3. Bc4 Nf6 4. Ng5 d5 5. exd5 Na5 6. Bb5+ c6 7. dxc6
bxc6 8. Be2 h6 9. Nf3 g5 10. d3 Rb8 11. Ng1 Bc5 12. Nc3 Qb6 13. Na4 Bxf2+
14. Kf1 Qd8 15. Kxf2 Qd4+ 16. Ke1 Qxa4 17. c4 Qxd1+ 18. Kxd1 c5 19. Be3
Rxb2 20. Bxc5 Nc6 21. Kc1 Rb7 22. Nf3 Bg4 23. Re1 Kd7 24. Bd1 Re8 25. Ba4
Kc7 26. Rb1 Rxb1+ 27. Kxb1 Bf5 28. Rd1 a6 29. Kc1 Nd7 30. Ba3 Rb8 31. Kd2
Bg6 32. Kc3 Re8 33. Re1 e4 34. Nd2 e3 35. Nf1 e2 36. Ng3 Re3 37. Bc2 Bxd3
38. Kd2 Rxg3 39. hxg3 Bxc4 40. Bd3 Nde5 41. Bxe2 Bxa2 42. Bf8 Bd5 43. Rg1
h5 44. Bh6 g4 45. Bxa6 Kd7 46. Bf1 f6 47. Rh1 Bf7 48. Bg7 Ke6 49. Ba6 Ne7
50. Rf1 Nd5 51. Bb7 Nc4+ 52. Kd3 Bg6+ 53. Kd4 Nce3 54. Rf2 Nc2+ 55. Rxc2
Bxc2 56. Bxd5+ Kf5 57. Bh6 Ba4 58. Be4+ Ke6 59. Ke3 Be8 60. Kd4 Bf7 61.
Bd5+ Kf5 62. Bxf7 1-0

[Event "GM Dopravni"]
[Site "Brno CZE"]
[Date "2009.07.01"]
[Round "6"]
[White "Beinoras,M"]
[Black "Spirin,O"]
[Result "1/2-1/2"]
[WhiteElo "2422"]
[BlackElo "2437"]
[EventDate "2009.06.26"]

1. d4 Nf6 2. c4 g6 3. Nc3 Bg7 4. e4 d6 5. f3 O-O 6. Be3 e5 7. Nge2 c6 8. d5
cxd5 9. cxd5 Ne8 10. g4 f5 1/2-1/2

[Event "GM Dopravni"]
[Site "Brno CZE"]
[Date "2009.07.01"]
[Round "6"]
[White "Plat,V"]
[Black "Ivanov,MM"]
[Result "1/2-1/2"]
[WhiteElo "2419"]
[BlackElo "2470"]
[EventDate "2009.06.26"]

1. e4 c5 2. Nf3 Nc6 3. d4 cxd4 4. Nxd4 g6 5. c4 Nf6 6. Nc3 d6 7. Be2 Nxd4
8. Qxd4 Bg7 9. O-O O-O 10. Qd3 Be6 11. Be3 Qa5 12. Bd4 Rfc8 13. b3 a6 14.
Rac1 Rab8 15. Ba7 Ra8 16. Bd4 Rab8 1/2-1/2

[Event "GM Dopravni"]
[Site "Brno CZE"]
[Date "2009.07.01"]
[Round "6"]
[White "Vyskocil,N"]
[Black "Vymazal,B"]
[Result "1/2-1/2"]
[WhiteElo "2315"]
[BlackElo "2338"]
[EventDate "2009.06.26"]

1. e4 c5 2. Nf3 d6 3. d4 cxd4 4. Nxd4 Nf6 5. Nc3 a6 6. Bg5 e6 7. f4 Nbd7 8.
Qf3 Qc7 9. O-O-O b5 10. Bd3 Bb7 11. Rhe1 Qb6 12. Bxf6 Nxf6 13. f5 O-O-O 14.
Nb3 1/2-1/2

[Event "GM Dopravni"]
[Site "Brno CZE"]
[Date "2009.07.02"]
[Round "7"]
[White "Ivanov,MM"]
[Black "Vyskocil,N"]
[Result "0-1"]
[WhiteElo "2470"]
[BlackElo "2315"]
[EventDate "2009.06.26"]

1. b3 e5 2. Bb2 Nc6 3. e3 Nf6 4. Bb5 Bd6 5. Na3 a6 6. Be2 Be7 7. Nc4 e4 8.
f4 d5 9. Ne5 Qd6 10. d4 exd3 11. cxd3 Nxe5 12. Bxe5 Qb6 13. Kf2 Bc5 14. Qc1
d4 15. exd4 Bxd4+ 16. Bxd4 Qxd4+ 17. Qe3+ Qxe3+ 18. Kxe3 Bf5 19. Nf3 Nd5+
20. Kd2 Nxf4 21. Nd4 Bg6 22. Rhf1 Nxe2 23. Nxe2 O-O-O 24. Rf3 Bh5 25. Rg3
Bxe2 26. Kxe2 g6 27. Rf1 f5 28. h4 Rhe8+ 29. Kd2 Rd5 30. h5 Re6 31. hxg6
Rxg6 32. Rff3 Kd7 33. Kc3 Rc5+ 34. Kd2 Rcc6 35. Rxg6 hxg6 36. Rh3 Ke6 37.
b4 Ke5 38. a4 Kf4 39. Rf3+ Kg4 40. Re3 f4 41. Rf3 g5 42. Rh3 Rf6 43. Rf3
Rb6 0-1